Champions de la Martinique de football - Statistiques

Statistiques générales
  • Ce quiz a été pris 30 fois
  • Le résultat moyen est 4 sur 20
Statistiques - réponses
# Dernier titre Réponse % Correct
19 2011 Club franciscain
92%
3 2021 Golden Lion
88%
16 1986 Golden Star
60%
19 2019 Club colonial
52%
2 1957 Good Luck
32%
4 1998 Aiglon du Lamentin
20%
3 1989 Excelsior
16%
3 1961 Stade spiritain
12%
2 1947 Aigle sportif
8%
1 1969 Éclair de Rivière Salée
8%
3 1933 Intrépide
8%
5 1973 Assaut de Saint-Pierre
4%
2 1974 CS Vauclinois
4%
5 2012 Racing Club de Rivière-Pilote
4%
2 1995 US Marinoise
4%
5 1980 La Gauloise de Trinité
0%
1 1985 Olympique du Marin
0%
3 1979 Renaissance de Sainte-Anne
0%
3 2020 Samaritaine de Sainte-Marie
0%
1 1993 Union sportive du Robert
0%
Aucun quiz correspondant
Distribution des résultats
% des personnes avec chaque résultat
Percentile par nombre de réponses
Votre historique - résultats
Vous n’avez pas pris ce quiz